Second meeting of the Technical Advisory Committee of the FAO project Management of Tuna Fishing Capacity: Conservation and Socio-economics : (Record no. 16075)

000 -LEADER
fixed length control field 01690cam a22002297a 4500
020 ## - INTERNATIONAL STANDARD BOOK NUMBER
ISBN 9251052972
040 ## - CATALOGING SOURCE
Transcribing agency FQG
082 00 - DEWEY DECIMAL CLASSIFICATION NUMBER
Classification number 338 FOO 2005 A079 Or.
245 10 - TITLE STATEMENT
Title Second meeting of the Technical Advisory Committee of the FAO project Management of Tuna Fishing Capacity: Conservation and Socio-economics :
Remainder of title 15-18 March 2004, Madrid, Spain /
246 30 - VARYING FORM OF TITLE
Title proper/short title Management of tuna fishing capacity:conservation and socio-economics
260 ## - PUBLICATION, DISTRIBUTION, ETC. (IMPRINT)
Place of publication Rome :
Name of publisher Food and Agriculture Organization of the United Nations,
Year of publication 2005.
300 ## - PHYSICAL DESCRIPTION
Number of Pages xvi, 336 p. :
Other physical details col. ill., maps ;
Dimensions 30 cm.
500 ## - GENERAL NOTE
General note "TC/M/Y5984E/1/5.05/2700"--P. [4] of cover.
520 ## - SUMMARY, ETC.
Summary, etc FAO's Japan-funded Project "Management of tuna fishing capacity: conservation and socio-economics" was formulated with the aim of improving the management of tuna fisheries on a global scale. Its immediate objectives are to provide the technical information necessary for the management of tuna fishing capacity and resolve the associated technical on a global scale, taking into account conservation and socio-economic issues. This publication includes papers on the studies that were considered high priority by the project and its Technical Advisory Committee at its 1st Meeting (Rome, Italy, 14-16 April 2003). Earlier versions of papers on these studies were presented to the 2nd Meeting of the TAC (Madrid, Spain, 15-18 March 2004), where they were critically discussed.
650 #0 - SUBJECT ADDED ENTRY--TOPICAL TERM
Topical Term Tuna fisheries
650 #0 - SUBJECT ADDED ENTRY--TOPICAL TERM
Topical Term Fishery resources
700 1# - ADDED ENTRY--PERSONAL NAME
Personal name Bayliff, William H.
700 1# - ADDED ENTRY--PERSONAL NAME
Personal name Leiva Moreno, Juan Ignacio de.
700 1# - ADDED ENTRY--PERSONAL NAME
Personal name Majkowski, Jacek.
710 2# - ADDED ENTRY--CORPORATE NAME
Corporate name or jurisdiction name as entry element Food and Agriculture Organization of the United Nations.
942 ## - ADDED ENTRY ELEMENTS (KOHA)
Koha item type សៀវភៅភាសាអង់គ្លេស
952 ## - LOCATION AND ITEM INFORMATION (KOHA)
Withdrawn status [LOCAL, KOHA] 0
Holdings
Permanent Location Date acquired Koha item type Lost status Shelving location Barcode Current Location Full call number
Library Block A2018-01-03សៀវភៅភាសាអង់គ្លេស A079RUA059892Library Block A338 FOO 2005 A079 Or.
មជ្ឈមណ្ឌលឯការនៃសាកលវិទ្យាល័យភូមិន្ទកសិកម្មចំការដូង

Powered by Koha